[Event "Eastern Asia-ch U18"]
[Site "Tornelo INT"]
[Date "2021.10.30"]
[Round "5"]
[White "Utsab, Chatterjee"]
[Black "Taivanbat, Chimeddorj"]
[Result "1-0"]
[WhiteElo "1650"]
[BlackElo "1505"]
[PlyCount "167"]
[EventDate "2021.10.29"]
[EventType "swiss"]
[EventRounds "9"]
[EventCountry "NET"]
[SourceTitle "CBM 205 Extra"]
[Source "ChessBase"]
[SourceDate "2022.01.31"]
[SourceVersion "1"]
[SourceVersionDate "2022.01.31"]
[SourceQuality "1"]

1. e4 c5 2. Nf3 Nc6 3. d4 cxd4 4. Nxd4 Nf6 5. Nc3 e5 6. Ndb5 d6 7. Bg5 a6 8. Na3 b5 9. Bxf6 gxf6 10. Nd5 f5 11. Bd3 Be6 12. 0-0 Bxd5 13. exd5 Ne7 14. c3 Bg7 15. Nc2 0-0 16. Qh5 Qd7 17. f3 Rae8 18. Kh1 h6 19. Ne3 f4 20. Ng4 f5 21. Nxh6+ Bxh6 22. Qxh6 Nxd5 23. Rg1 Re6 24. Qh4 Qh7 25. Qxh7+ Kxh7 26. a4 e4 27. Be2 Rb8 28. axb5 axb5 29. Ra5 Re5 30. Rd1 Ne7 31. h3 Rb6 32. Rd4 Kg7 33. Rb4 Kf6 34. Raxb5 Rbxb5 35. Rxb5 e3 36. Kg1 Rxb5 37. Bxb5 Nd5 38. Kf1 Kg5 39. Bc6 Nb6 40. Bb5 Nd5 41. Bd7 Nb6 42. Bb5 Kh4 43. c4 Kg3 44. b3 Na8 45. Bd7 Nc7 46. b4 Na6 47. b5 Nc5 48. Bxf5 Na4 49. Bc2 Nb6 50. Bb3 Nd7 51. Ke2 Nb6 52. Kf1 Nd7 53. Bd1 Nb6 54. Be2 Na4 55. Bd3 Nb6 56. Ke2 Na4 57. Bc2 Nb6 58. Bb3 Nd7 59. Bd1 Nb6 60. Kd3 Kf2 61. h4 Ke1 62. Kc2 Nxc4 63. h5 Nb2 64. h6 Nxd1 65. h7 e2 66. h8Q Ne3+ 67. Kd3 Kf2 68. Qh4+ Kf1 69. b6 e1Q 70. Qxe1+ Kxe1 71. b7 Kf2 72. b8Q Kxg2 73. Ke2 Nf5 74. Qg8+ Ng3+ 75. Kd3 Kxf3 76. Qd5+ Kf2 77. Qd4+ Kf3 78. Qxd6 Nf1 79. Qd5+ Kg3 80. Ke2 Nh2 81. Qe5 Ng4 82. Qc7 Ne3 83. Qc6 Kg4 84. Qg6+ 1-0

[Event "Eastern Asia-ch U18"]
[Site "Tornelo INT"]
[Date "2021.10.29"]
[Round "1"]
[White "Ganerdene, Sugar"]
[Black "Taivanbat, Chimeddorj"]
[Result "1-0"]
[WhiteElo "2109"]
[BlackElo "1505"]
[PlyCount "110"]
[EventDate "2021.10.29"]
[EventType "swiss"]
[EventRounds "9"]
[EventCountry "NET"]
[SourceTitle "CBM 205 Extra"]
[Source "ChessBase"]
[SourceDate "2022.01.31"]
[SourceVersion "1"]
[SourceVersionDate "2022.01.31"]
[SourceQuality "1"]

1. d4 Nf6 2. c4 e6 3. g3 d5 4. Nf3 Be7 5. Bg2 0-0 6. 0-0 dxc4 7. Qa4 a6 8. Qxc4 b5 9. Qc2 Bb7 10. Bd2 Be4 11. Qb3 Nc6 12. e3 Bd5 13. Qc2 Be4 14. Qd1 b4 15. Bc1 Na5 16. Nbd2 Bb7 17. b3 Rc8 18. a3 c5 19. axb4 cxb4 20. Ne5 Bxg2 21. Kxg2 Nd5 22. Nec4 Nxc4 23. Nxc4 Nc3 24. Qf3 a5 25. Nxa5 Qd5 26. Nc4 Ra8 27. Bd2 Nb5 28. Qxd5 exd5 29. Nb6 Rad8 30. Ra5 Nc3 31. Bxc3 bxc3 32. Nxd5 Bd6 33. Rc1 Rb8 34. Rxc3 Rfd8 35. Ra4 Kf8 36. e4 f6 37. Rac4 Kf7 38. Rc6 Rb7 39. Rb6 Rbd7 40. b4 Re8 41. f3 Ra8 42. Rbc6 Rb8 43. Nb6 Rdd8 44. b5 Bb4 45. R3c4 Ba5 46. Nc8 Ke8 47. b6 Kd7 48. Rc7+ Ke8 49. d5 f5 50. R4c6 fxe4 51. fxe4 Kf8 52. d6 Bb4 53. e5 Re8 54. Ne7 Ba5 55. Rc1 Kf7 1-0

[Event "Asia-ch U20"]
[Site "Ulaanbaatar"]
[Date "2018.08.24"]
[Round "8"]
[White "Priasmoro, Novendra"]
[Black "Taivanbat, Chimeddorj"]
[Result "1-0"]
[WhiteElo "2485"]
[BlackElo "1691"]
[PlyCount "73"]
[EventDate "2018.08.19"]
[EventType "swiss"]
[EventRounds "9"]
[EventCountry "MGL"]
[SourceTitle "CBM 186 Extra"]
[Source "ChessBase"]
[SourceDate "2018.08.24"]
[SourceVersion "1"]
[SourceVersionDate "2018.08.24"]
[SourceQuality "1"]

1. e4 c5 2. Nf3 Nc6 3. Bb5 g6 4. 0-0 Bg7 5. Re1 Nf6 6. Bxc6 bxc6 7. e5 Nd5 8. c4 Nc7 9. b3 0-0 10. Bb2 Ne6 11. d4 cxd4 12. Nxd4 Nxd4 13. Bxd4 Qa5 14. c5 f6 15. Qd2 Qxd2 16. Nxd2 fxe5 17. Bxe5 e6 18. Nc4 Rf5 19. Rad1 Bxe5 20. Nxe5 a5 21. Rd4 Rb8 22. g4 Rf6 23. f4 Rb5 24. Rc1 Kf8 25. Kg2 Ke7 26. Kg3 Rf8 27. Rc3 g5 28. fxg5 Rf1 29. Rf4 Re1 30. Rf7+ Ke8 31. Rcf3 Kd8 32. Nd3 Rg1+ 33. Kh4 e5 34. a4 Rxb3 35. Nxe5 Rb4 36. Rxh7 Re4 37. g6 1-0

[Event "Asia-ch U20"]
[Site "Ulaanbaatar"]
[Date "2018.08.23"]
[Round "6"]
[White "Taivanbat, Chimeddorj"]
[Black "Chinguun, Sumiya"]
[Result "1-0"]
[WhiteElo "1691"]
[BlackElo "2108"]
[PlyCount "120"]
[EventDate "2018.08.19"]
[EventType "swiss"]
[EventRounds "9"]
[EventCountry "MGL"]
[SourceTitle "CBM 186 Extra"]
[Source "ChessBase"]
[SourceDate "2018.08.24"]
[SourceVersion "1"]
[SourceVersionDate "2018.08.24"]
[SourceQuality "1"]

1. e4 c5 2. Nf3 e6 3. d4 cxd4 4. Nxd4 a6 5. c4 Nf6 6. Nc3 Qc7 7. Be3 b6 8. Be2 Bb7 9. f3 d6 10. Rc1 Nbd7 11. 0-0 Be7 12. Qe1 0-0 13. Qf2 Rac8 14. b4 Qb8 15. Nb3 Bd8 16. Na4 Ba8 17. c5 b5 18. Nb6 Bxb6 19. cxb6 d5 20. Nc5 Nxc5 21. bxc5 Rfe8 22. a4 dxe4 23. axb5 exf3 24. Bxf3 axb5 25. Ra1 Bd5 26. Bxd5 exd5 27. Ra7 Qe5 28. Bd4 Qe6 29. Bxf6 gxf6 30. Qxf6 Qxf6 31. Rxf6 d4 32. Rd7 Rc7 33. Rf1 Rc6 34. b7 d3 35. Rdxf7 d2 36. Rd7 Rb6 37. g4 Rb8 38. Rd1 R6xb7 39. R1xd2 Rxd7 40. Rxd7 Rc8 41. Rd4 Rxc5 42. g5 Re5 43. h4 Kf7 44. h5 Kg8 45. g6 hxg6 46. hxg6 Kg7 47. Rg4 Re2 48. Kf1 Re6 49. Kf2 Re5 50. Kf3 Re8 51. Kf4 Re2 52. Kf5 Re1 53. Rd4 Rf1+ 54. Ke6 Kxg6 55. Kd6 Kf6 56. Kc6 Rb1 57. Kb6 Ke5 58. Rd2 Ke6 59. Kc5 Ke7 60. Kc6 Ke8 1-0

[Event "Asia-ch U20"]
[Site "Ulaanbaatar"]
[Date "2018.08.22"]
[Round "5"]
[White "Suleymenov, Alisher"]
[Black "Taivanbat, Chimeddorj"]
[Result "0-1"]
[WhiteElo "2343"]
[BlackElo "1691"]
[PlyCount "88"]
[EventDate "2018.08.19"]
[EventType "swiss"]
[EventRounds "9"]
[EventCountry "MGL"]
[SourceTitle "CBM 186 Extra"]
[Source "ChessBase"]
[SourceDate "2018.08.24"]
[SourceVersion "1"]
[SourceVersionDate "2018.08.24"]
[SourceQuality "1"]

1. d4 d5 2. c4 e6 3. Nc3 Nf6 4. cxd5 exd5 5. Bg5 Be7 6. e3 c6 7. Bd3 Bg4 8. Nge2 Nbd7 9. 0-0 Bh5 10. f3 Bg6 11. e4 dxe4 12. fxe4 0-0 13. Bf4 Re8 14. h3 c5 15. e5 Nh5 16. Bxg6 hxg6 17. Bh2 cxd4 18. Ne4 Nxe5 19. Bxe5 Bf8 20. Qb3 Rxe5 21. Qxf7+ Kh7 22. N2g3 Qe7 23. Qf3 Nxg3 24. Nxg3 Re8 25. Rad1 Qg5 26. Qf4 Bd6 27. Ne2 Qh5 28. Nxd4 Re1 29. Qg4 Qxg4 30. hxg4 Rxd1 31. Rxd1 Bc5 32. Kh2 Rd8 33. Nb3 Rxd1 34. Nxc5 b6 35. Na4 Rd4 36. Nc3 Rd2 37. b4 Rc2 38. Ne4 Rxa2 39. b5 a6 40. bxa6 Rxa6 41. Kg3 Ra4 42. Kf3 Kh6 43. Kf4 b5 44. g5+ Kh5 0-1

[Event "Asia-ch U20"]
[Site "Ulaanbaatar"]
[Date "2018.08.21"]
[Round "4"]
[White "Taivanbat, Chimeddorj"]
[Black "Bayaraa, Chinguun"]
[Result "1-0"]
[WhiteElo "1691"]
[BlackElo "1941"]
[PlyCount "71"]
[EventDate "2018.08.19"]
[EventType "swiss"]
[EventRounds "9"]
[EventCountry "MGL"]
[SourceTitle "CBM 186 Extra"]
[Source "ChessBase"]
[SourceDate "2018.08.24"]
[SourceVersion "1"]
[SourceVersionDate "2018.08.24"]
[SourceQuality "1"]

1. e4 c5 2. Nf3 d6 3. d4 cxd4 4. Nxd4 Nf6 5. Nc3 a6 6. Bg5 Nbd7 7. f4 Qa5 8. Qd2 e6 9. 0-0-0 Be7 10. Kb1 Qc7 11. g4 Rb8 12. Bxf6 Nxf6 13. g5 Nd7 14. f5 Nc5 15. Bh3 Bd7 16. Rhe1 b5 17. Qf2 b4 18. Nd5 exd5 19. exd5 Kf8 20. f6 Bd8 21. Nf5 Bxf5 22. fxg7+ Kxg7 23. Qd4+ f6 24. Bxf5 Rf8 25. Rg1 Kh8 26. g6 Qg7 27. gxh7 Qh6 28. Rg6 Qh5 29. Rdg1 Be7 30. Qe3 Rfe8 31. Qg3 Qxh7 32. Rg4 Ne4 33. Bxe4 f5 34. Bxf5 Qxf5 35. Rh4+ Bxh4 36. Qg7# 1-0